| 000 | 00549nam a2200157 4500 | ||
|---|---|---|---|
| 001 | 6231 | ||
| 005 | 20181127181224.0 | ||
| 020 | 0 | 0 | _a9789843417121 |
| 100 | 0 | 0 | _aChoudhury, Hasanuzzaman. |
| 245 | 0 | 0 |
_aComprehensive dynamics of statecraft and governance : _bpattern, practicality and performance / _cHasanuzzaman Choudhury. _h |
| 260 | 0 | 0 |
_aBangladesh : _bCenter for Social Research, Bangladesh (CSRB) _c2017 |
| 300 | 0 | 0 | _a61 p. ; 20 cm. |
| 650 | 0 | 0 |
_aComparative government. _x |
| 650 | 0 | 0 |
_aPolitics and government. _x |
| 999 |
_c5267 _d5267 |
||